| 000 | 00657nam a2200193 a 4500 | ||
|---|---|---|---|
| 001 | BRCA_1565 | ||
| 005 | 20190320203454.0 | ||
| 008 | 951106s1987 mx-a---###---#000-0#spa-# | ||
| 020 | _a9688060844 | ||
| 040 |
_aDLC _cDLC _dDLC |
||
| 050 | 4 |
_aND259.R5 _b.O27 1987 |
|
| 245 | 1 | 0 |
_aDiego Rivera en Palacio Nacional _bobra mural. |
| 260 |
_aMéxico _bSecretaría de Hacienda y Crédito Público _cc1987 |
||
| 300 |
_a106 p. _bil. (algunas a color) _c32 cm. |
||
| 600 | 1 | 4 |
_aRivera, Diego _d1886-1957 _xTemas, motivos _95006 |
| 610 | 2 | 4 |
_aPalacio Nacional _xpintura mural _zCiudad de México _95007 |
| 651 | 4 |
_aMéxico Tenochtitlán _xEn el arte _95008 |
|
| 942 |
_2lcc _cB |
||
| 999 |
_c1400 _d1400 |
||